| 000 | 00664nam a22001817a 4500 | ||
|---|---|---|---|
| 999 |
_c15994 _d15994 |
||
| 003 | AR-CdUCM | ||
| 008 | 190430b ||||| |||| 00| 0 spa d | ||
| 040 |
_aMUNICIPALIDAD PROVINCIAL DEL CUSCO _cBIBLIOTECA MUNICIPAL DEL CUSCO |
||
| 082 |
_aC / 985.150 / _bV66 |
||
| 100 |
_aVillanueva Urteaga, Horacio _95790 |
||
| 245 | _aCajamarca prehipánica y colonial / | ||
| 260 |
_aCuzco : _bH. G. Rozas, _c1944. |
||
| 300 |
_a60 páginas ; _c21 cm. |
||
| 505 | _aLos primeros pobladores de cajamarca -- Cuadro de toponimias del departamento de Cajamarca -- Los restos arqueologicos de Cajamarca... | ||
| 650 |
_aCajamarca. _97054 |
||
| 942 |
_2ddc _cLIBROS |
||
| 945 | _awfj | ||